La influencia de las minorías : análisis de las élites en el orden institucional y social de México /

Bibliographic Details
Other Authors: Montaño Reyes, Mónica (Editor), Arellano Ríos, Alberto (Editor), Granados Aguilar, Erika (Editor)
Format: Electronic eBook
Language:Spanish
Published: Zapopan, Jalisco : El Colegio de Jalisco, 2024.
Edition:Primera edición.
Subjects:
Online Access:Digitalia Hispánica

MARC

LEADER 00000nam a2200000Ii 4500
001 DIGCOJAL0114
003 NyNyDIG
006 m o d
007 cr |||||||||||
008 250404s2024 mx a ob 000 0 spa d
035 |a (OCoLC)1514492028 
040 |a DGITA  |b eng  |e rda  |e pn  |c DGITA 
020 |a 9786078831746  |q eBook 
043 |a n-mx--- 
050 1 4 |a HN120.Z9 ebook 
245 0 3 |a La influencia de las minorías :  |b análisis de las élites en el orden institucional y social de México /  |c Mónica Montaño, Alberto Arellano y Erika Granados, coordinadores. 
250 |a Primera edición. 
264 1 |a Zapopan, Jalisco :  |b El Colegio de Jalisco,  |c 2024. 
300 |a 1 online resource :  |b illustrations. 
336 |a text  |b txt  |2 rdacontent 
337 |a computer  |b c  |2 rdamedia 
338 |a online resource  |b cr  |2 rdacarrier 
347 |a text file  |2 rdaft 
347 |b PDF 
504 |a Includes bibliographical references. 
588 0 |a Online resource; title from PDF title page (Digitalia, viewed April 4, 2025) 
650 0 |a Elite (Social sciences)  |x Study and teaching  |z Mexico  |y 20th century. 
650 0 |a Political participation  |z Mexico  |y 21st century. 
651 0 |a Mexico  |x Politics and government. 
700 1 |a Montaño Reyes, Mónica,  |e editor. 
700 1 |a Arellano Ríos, Alberto,  |e editor. 
700 1 |a Granados Aguilar, Erika,  |e editor. 
791 2 |a Digitalia (Firm),  |e distributor. 
793 0 |g Digitalia eBook Collection:  |a El Colegio de Jalisco 
856 4 0 |3 Digitalia Hispánica  |u https://www.digitaliapublishing.com/a/172277/ 
910 |a Premium collection: 2025